Poradenstvo pre obete a svedkov trestných činov

Bibliographic Details
Main Author: Šípošová, Jana (Author)
Format: Article
Language:Slovak
PhysicalDescription:Grafy, mp.
ISSN:1336-9679
Subjects:

MARC

LEADER 00000nab a2200000 ar4500
001 vtls008855400
003 SK-MaSNL
005 20260304011037.0
008 061017c2006 xo qr|p|||||||000 b|slo
015 |a SNBRB2006/10  |2 snkbucl 
038 |a SNKBUCL 
040 |a SNKBUCL  |b slo  |c SNKBUCL  |e AACR2 
041 0 |a slo 
044 |a xo  |c SK 
080 |a 343.23-058.6  |2 UDC-MRF-SK2 
100 1 |a Šípošová, Jana  |4 aut  |9 810832 
245 1 0 |a Poradenstvo pre obete a svedkov trestných činov  |c Jana Šípošová 
300 |b Grafy, mp. 
650 0 7 |a trestné činy  |2 SNKPH  |9 2181 
650 0 7 |a obete trestných činov  |2 SNKPH  |9 4546 
650 0 7 |a poradenstvo  |2 SNKPH  |9 3604 
773 0 |t Sociálna prevencia : prevencia kriminality  |g Roč. I, č. 1 (2006), s. 12-13  |x 1336-9679 
852 |a SNK  |b KIS3GCP 
999 |c 2564258  |d 2566188